000 01512njm a2200325 i 4500
001 4551
003 ES-MaACL
005 20240619063040.0
007 s|r|||||||||||
008 041203s1981 sp ||| g ||||||||1|nspa d
245 0 0 _aPresentación del informe "Los doscientos días de la política económica del Gobierno"
_h[Grabación sonora] /
_cintervienen Julio Pascual, Rafael Alberto Pérez, Fernando de la Puente, Juan María Hernánez Puértolas, Jesús Martínez Vázquez, Juan Molina, Luis Serrano.
260 _aMadrid :
_bAteneo de Madrid,
_c1981.
300 _a2 discos (CD-DA) (2 h. 6 min. 38 seg.) ;
_c12 cm.
500 _aDatos basados en invitación.
518 _aActo organizado por la Sección de Economía del Ateneo, grabado en el salón de actos el 14 de octbre de 1981, a las 20:00 h.
610 2 4 _aAteneo de Madrid-
_xActos culturales-
_y1981-
_vGrabaciones sonoras.
_91893
651 4 _aEspaña-
_xPolítica económica-
_y1975-
_98409
700 1 _aPascual Vicente, Julio.
_989402
700 1 _aPérez González, Rafael Alberto.
_990916
700 1 _aPuente, Fernando de la.
_994141
700 1 _aHernández Puértolas, Juan María.
_963029
700 1 _aMartínez Vázquez, Jesús.
_978470
700 1 _aMolina, Juan.
_981893
700 1 _aSerrano, Luis.
_9105705
710 2 _aAteneo de Madrid.
_bSección de Economía.
_91990
852 _aES-MaACL
_jROT 4/6/26
_94668
_cROT
852 _aES-MaACL
_jROT 4/6/27
_9203582
_cROT
942 _2udc
999 _c4551
_d4551